000 00503nam a2200157Ia 4500
008 240729s9999 xx 000 0 und d
022 _a2521-442X
245 0 _aTraining, Language and Culture
260 _aRussian Federation
260 _bPeoples’ Friendship University of Russia (RUDN University)
650 _a Philology. Linguistics
650 _aEducation | Language and Literature
856 _uhttps://doaj.org/toc/42c89ce83ed04c3c90712b38911b8aab
942 _2ddc
942 _cDOAJEJ
999 _c66542
_d66542
945 _a1
_bMadushi Gamage
_c1
_dMadushi Gamage